[Event "FIDE Online Olympiad"]
[Site "Chess.com"]
[Date "2020.08.14"]
[EventDate "2020.08.14"]
[Round "3"]
[Result "1-0"]
[White "Bin-Sattar Reefat"]
[Black "Kastriot Memeti"]
[WhiteElo "2437"]
[BlackElo "2129"]
[PlyCount "71"]

1. e4 e6 2. d4 d5 3. e5 c5 4. c3 Nc6 5. Nf3 Bd7 6. Be2 Nge7
7. O-O Rc8 8. a3 Nf5 9. b4 cxd4 10. cxd4 b5 11. Bb2 a5 12. Nc3
axb4 13. Nxb5 bxa3 14. Bxa3 Bxa3 15. Rxa3 O-O 16. Bd3 Nb4
17. Be2 Bxb5 18. Bxb5 Qb6 19. Qa4 Nc2 20. Rd3 Ncxd4 21. Nxd4
Nxd4 22. Rxd4 Ra8 23. Qb4 Rfb8 24. Rg4 Qxb5 25. Qe7 Qe2
26. Qg5 g6 27. h4 Rb2 28. Ra4 Rc8 29. g3 h5 30. Rf4 Rbc2
31. Qf6 R2c7 32. Kg2 Qc2 33. g4 hxg4 34. Rh1 Qe2 35. h5 Rc1
36. h6 1-0

[Event "FIDE Online Olympiad"]
[Site "Chess.com"]
[Date "2020.08.14"]
[EventDate "2020.08.14"]
[Round "3"]
[Result "1-0"]
[White "Warre De Waele"]
[Black "Rahman Mohammad Fahad"]
[WhiteElo "2238"]
[BlackElo "2243"]
[PlyCount "109"]

1. Nf3 Nf6 2. c4 c6 3. d4 d5 4. e3 e6 5. b3 Nbd7 6. Bb2 Bd6
7. Bd3 O-O 8. O-O Re8 9. Ne5 Qc7 10. f4 Ne4 11. Bxe4 dxe4
12. Nd2 f5 13. g4 Nf6 14. gxf5 exf5 15. Kh1 Be6 16. Rg1 Bxe5
17. fxe5 Ng4 18. Qe2 Qe7 19. Raf1 Rad8 20. Rg3 h5 21. h3 Qh4
22. Kg2 Rf8 23. hxg4 hxg4 24. Ba3 Rf7 25. Qf2 Qg5 26. Bd6 g6
27. Qf4 Qxf4 28. exf4 Kg7 29. Nb1 g5 30. Nc3 Kg6 31. d5 cxd5
32. cxd5 Bc8 33. e6 Rh7 34. Be5 b5 35. b4 a6 36. fxg5 Kxg5
37. Bf4+ Kg6 38. Rd1 Rdh8 39. Ne2 Rh2+ 40. Kf1 Rh1+ 41. Rg1
R1h3 42. Be5 Rf3+ 43. Ke1 Rhh3 44. Nf4+ Kg5 45. Nxh3+ Rxh3
46. Rc1 Bb7 47. e7 Re3+ 48. Kf2 Rf3+ 49. Ke2 Bxd5 50. e8=Q e3
51. Qe7+ Kg6 52. Qf6+ Kh5 53. Rh1+ Rh3 54. Rxh3+ gxh3
55. Qxf5+ 1-0

[Event "FIDE Online Olympiad"]
[Site "Chess.com"]
[Date "2020.08.14"]
[EventDate "2020.08.14"]
[Round "3"]
[Result "1-0"]
[White "Nurgyul Salimova"]
[Black "Julia Ryjanova"]
[WhiteElo "2085"]
[BlackElo "2259"]
[PlyCount "95"]

1. Nf3 Nf6 2. d4 d5 3. g3 c5 4. Bg2 cxd4 5. O-O g6 6. Nxd4 Bg7
7. Nc3 O-O 8. Nb3 e6 9. e4 Nxe4 10. Nxe4 dxe4 11. Bxe4 Nd7
12. Qe2 Qe7 13. c3 a5 14. a4 Nf6 15. Bg2 Bd7 16. Be3 Qd8
17. Bxb7 Rb8 18. Nc5 Nd5 19. Bxd5 exd5 20. Nxd7 Qxd7 21. Rfd1
Qe6 22. Qc2 Rfc8 23. Rd2 h5 24. h4 Be5 25. Bd4 Bxd4 26. Rxd4
Rc4 27. Rad1 Rxd4 28. Rxd4 Qe1+ 29. Kg2 Qa1 30. Rd2 Re8
31. Qd1 Qa2 32. b3 Qa3 33. Rxd5 Qb2 34. Rd8 Rxd8 35. Qxd8+ Kg7
36. Qxa5 Qxb3 37. Qe5+ Kh7 38. a5 Qb7+ 39. Kg1 Qb1+ 40. Kh2
Qa2 41. Qc5 Qe2 42. Qe3 Qb5 43. Qb6 Qf5 44. a6 g5 45. a7 gxh4
46. a8=Q hxg3+ 47. fxg3 Qc2+ 48. Qg2 1-0

[Event "FIDE Online Olympiad"]
[Site "Chess.com"]
[Date "2020.08.14"]
[EventDate "2020.08.14"]
[Round "3"]
[Result "1-0"]
[White "Viktoria Radeva"]
[Black "Cassandra Lim"]
[WhiteElo "2052"]
[BlackElo "1493"]
[PlyCount "89"]

1. e4 e6 2. d4 d5 3. Nd2 Nf6 4. e5 Nfd7 5. Bd3 c5 6. c3 Nc6
7. Ne2 cxd4 8. cxd4 f6 9. exf6 Nxf6 10. O-O Bd6 11. Nf3 Qc7
12. Bg5 O-O 13. Bh4 Nh5 14. Qc2 h6 15. Bh7+ Kh8 16. Bg6 Rxf3
17. Bxh5 Rf5 18. Bg6 Rf8 19. Bg3 e5 20. dxe5 Nxe5 21. Qxc7
Bxc7 22. Bc2 Re8 23. Rfe1 Be6 24. Ba4 Re7 25. Nd4 Bg8 26. Rac1
Bb6 27. Bxe5 Rxe5 28. Rxe5 Bxd4 29. Re8 Rxe8 30. Bxe8 Bb6
31. Bg6 Be6 32. Re1 Bd7 33. Be8 Bf5 34. Bf7 d4 35. Bc4 Kh7
36. Kf1 Bg6 37. Rd1 Bc5 38. Bd3 Bxd3+ 39. Rxd3 a6 40. Ke2 Kg6
41. Rf3 Bb6 42. Rb3 Bc5 43. Rxb7 a5 44. Kd3 Kf5 45. Rb5 1-0

[Event "FIDE Online Olympiad"]
[Site "Chess.com"]
[Date "2020.08.14"]
[EventDate "2020.08.14"]
[Round "1"]
[Result "1-0"]
[White "Tamas Banusz"]
[Black "Emmanuel Jimenez Garcia"]
[WhiteElo "2614"]
[BlackElo "2114"]
[Source "Chess-Results"]
[PlyCount "79"]

1. Nf3 b6 2. g3 Bb7 3. Bg2 g6 4. O-O Bg7 5. d4 Nf6 6. c4 O-O
7. d5 Na6 8. Nc3 Nc5 9. Qc2 a5 10. e4 d6 11. Be3 e5 12. h3 c6
13. dxc6 Bxc6 14. Nd2 Qc7 15. Rfd1 Rfd8 16. Nb3 Qb7 17. Nxc5
bxc5 18. Rd2 Ne8 19. Rad1 Rdb8 20. a4 Qb3 21. Nb5 Qxc2
22. Rxc2 Bf8 23. h4 f6 24. f3 Kf7 25. b3 Rb7 26. Rc3 Bxb5
27. cxb5 Nc7 28. Bf1 Ke7 29. Bc4 Rb6 30. f4 Ne6 31. fxe5 fxe5
32. Rf1 Bg7 33. Bg5+ Nxg5 34. hxg5 Rf8 35. Rcf3 Ke8 36. Rf7
Rxf7 37. Rxf7 Bf8 38. Ra7 Be7 39. Rxa5 Bxg5 40. Ra8+ 1-0

[Event "FIDE Online Olympiad"]
[Site "Chess.com"]
[Date "2020.08.14"]
[EventDate "2020.08.14"]
[Round "1"]
[Result "1-0"]
[White "Tania Regla Hernandez Alvarez"]
[Black "Hoang Thanh Trang"]
[WhiteElo "2041"]
[BlackElo "2338"]
[Source "Chess-Results"]
[PlyCount "89"]

1. Nf3 f5 2. b3 d6 3. Bb2 e5 4. d3 Nf6 5. g3 g6 6. Bg2 Bg7
7. O-O O-O 8. c4 Nc6 9. Nc3 h6 10. a3 a5 11. Rc1 Be6 12. Qc2
Qd7 13. Rfd1 f4 14. Ne4 Nxe4 15. dxe4 Qf7 16. Rf1 g5 17. Rcd1
a4 18. Nd2 axb3 19. Qxb3 Na5 20. Qc2 Nxc4 21. Nxc4 Bxc4
22. Rc1 b5 23. Bf3 Qe6 24. g4 c6 25. h3 d5 26. Rfd1 d4 27. Re1
Rfd8 28. Kg2 c5 29. Rh1 Rac8 30. Qd2 d3 31. exd3 Rxd3 32. Qa5
Qc6 33. Rhd1 Ra8 34. Qe1 Rad8 35. Rxd3 Bxd3 36. Qa5 Ra8
37. Qe1 c4 38. Kg1 Qc5 39. Qc3 Ra4 40. Qxd3 Kh7 41. Qd5 Qb6
42. Bxe5 Rxa3 43. Bxg7 Rxf3 44. Bd4 Qc7 45. Ra1 1-0

[Event "FIDE Online Olympiad"]
[Site "Chess.com"]
[Date "2020.08.14"]
[EventDate "2020.08.14"]
[Round "1"]
[Result "1-0"]
[White "Petra Papp"]
[Black "Maria Elena Rodriguez Arrieta"]
[WhiteElo "2297"]
[BlackElo "1905"]
[Source "Chess-Results"]
[PlyCount "59"]

1. e4 e5 2. Nf3 Nc6 3. Bb5 a6 4. Ba4 Nf6 5. O-O Be7 6. Re1 b5
7. Bb3 d6 8. c3 O-O 9. h3 Nb8 10. d4 Nbd7 11. Nbd2 Bb7 12. Bc2
Re8 13. Nf1 Bf8 14. Ng3 g6 15. a4 Bg7 16. Bg5 h6 17. Bd2 d5
18. Nxe5 Nxe5 19. dxe5 Rxe5 20. f4 Re8 21. e5 Nd7 22. axb5
axb5 23. Rxa8 Qxa8 24. e6 Nc5 25. exf7+ Kxf7 26. Bxg6+ Kxg6
27. Qh5+ Kh7 28. Rxe8 Qa6 29. Qf7 Qg6 30. Qg8# 1-0

[Event "FIDE Online Olympiad"]
[Site "Chess.com"]
[Date "2020.08.14"]
[EventDate "2020.08.14"]
[Round "1"]
[Result "1-0"]
[White "Zsoka Gaal"]
[Black "Melanie Salazar Gould"]
[WhiteElo "1816"]
[BlackElo "1968"]
[Source "Chess-Results"]
[PlyCount "81"]

1. Nf3 d6 2. d4 Bg4 3. e4 g6 4. Be2 Bg7 5. O-O Nd7 6. h3 Bxf3
7. Bxf3 e5 8. d5 Ne7 9. c4 O-O 10. Nc3 f5 11. b4 a5 12. Rb1
axb4 13. Rxb4 b6 14. a4 Nc5 15. Be3 Na6 16. Rb5 f4 17. Bc1 Kh8
18. a5 bxa5 19. Rxa5 Nc5 20. Rxa8 Qxa8 21. Nb5 Qa5 22. Bd2 Qb6
23. Bb4 Ra8 24. Qc2 Ng8 25. Rb1 Nf6 26. Nc3 Nfd7 27. Bg4 Qa6
28. Nb5 Qb6 29. Bxc5 Nxc5 30. Nd4 Qa5 31. Ne6 h5 32. Nxc5 Qxc5
33. Be6 Bh6 34. Qb3 Bg5 35. Qb7 Rf8 36. Qc6 Qd4 37. Qxc7 Qxe4
38. Rb7 Qe1+ 39. Kh2 Be7 40. Qxe7 f3 41. Qxf8# 1-0

[Event "FIDE Online Olympiad"]
[Site "Chess.com"]
[Date "2020.08.14"]
[EventDate "2020.08.14"]
[Round "1"]
[Result "1-0"]
[White "Gawain Jones"]
[Black "Uriel Capo Vidal"]
[WhiteElo "2609"]
[BlackElo "2323"]
[Source "Chess-Results"]
[PlyCount "109"]

1. e4 c5 2. Nf3 Nc6 3. Bb5 g6 4. O-O Bg7 5. Re1 Nf6 6. e5 Nd5
7. Nc3 Nc7 8. Bxc6 dxc6 9. Ne4 Ne6 10. d3 O-O 11. Be3 b6
12. Qd2 Nd4 13. Nxd4 cxd4 14. Bh6 Bf5 15. Ng3 e6 16. Qf4 f6
17. Bxg7 Kxg7 18. exf6+ Rxf6 19. Qg5 Rf7 20. h4 Qxg5 21. hxg5
c5 22. f3 h5 23. Re2 h4 24. Nf1 Rh8 25. Rae1 Rh5 26. f4 Bg4
27. Rf2 Rh8 28. Nh2 Bf5 29. Nf3 Re7 30. Ne5 Rc7 31. a4 a5
32. Ra1 Kf8 33. Ra3 Ke7 34. Rb3 Rb8 35. Rb5 Kd8 36. Kf1 Kc8
37. Nc4 Rc6 38. Ke2 Kc7 39. Rf1 Rh8 40. Ne5 h3 41. g4 h2
42. Rh1 Rd6 43. Kf2 Rh3 44. gxf5 exf5 45. Kg2 Re3 46. Rxh2
Re2+ 47. Kg3 Re3+ 48. Kf2 Re6 49. Rh7+ Kd8 50. Rg7 Kc8 51. Rb3
Kd8 52. Ra3 Kc8 53. Ra1 Rh3 54. Kg2 Rh4 55. Rh1 1-0

[Event "FIDE Online Olympiad"]
[Site "Chess.com"]
[Date "2020.08.14"]
[EventDate "2020.08.14"]
[Round "1"]
[Result "1-0"]
[White "Katarzyna Toma"]
[Black "Diana Carime Real Pereyra"]
[WhiteElo "2202"]
[BlackElo "2055"]
[Source "Chess-Results"]
[PlyCount "91"]

1. e4 c5 2. Ne2 Nc6 3. Nbc3 d6 4. d4 cxd4 5. Nxd4 Nf6 6. Bg5
Bd7 7. Qd2 Rc8 8. f3 Nxd4 9. Qxd4 Qa5 10. Bd2 Qc5 11. Qd3 g6
12. g4 Bg7 13. h4 h5 14. g5 Nh7 15. O-O-O b5 16. Nd5 Qc4
17. Qxc4 bxc4 18. Be3 e6 19. Nf4 c3 20. b3 Ke7 21. Bd4 Bxd4
22. Rxd4 Rc5 23. Bc4 Rhc8 24. Rhd1 d5 25. exd5 e5 26. Re4 Kd6
27. Nd3 Ra5 28. Kb1 Bf5 29. Re3 Re8 30. Nb4 Rc5 31. Rxc3 f6
32. gxf6 Nxf6 33. Re3 e4 34. fxe4 Nxe4 35. Kb2 Rb8 36. Na6
Rxc4 37. Nxb8 Rc8 38. Nc6 Nf6 39. c4 Ng4 40. Rc3 Kc7 41. Nd4
Bd7 42. c5 Rf8 43. d6+ Kc8 44. c6 Bf5 45. d7+ Kd8 46. Nb5 1-0

[Event "FIDE Online Olympiad"]
[Site "Chess.com"]
[Date "2020.08.14"]
[EventDate "2020.08.14"]
[Round "1"]
[Result "1-0"]
[White "Lucas Coro"]
[Black "Murad Abdulla"]
[WhiteElo "2021"]
[BlackElo "2167"]
[Source "Chess-Results"]
[PlyCount "87"]

1. e4 c5 2. Nf3 d6 3. d4 cxd4 4. Nxd4 Nf6 5. Nc3 g6 6. Be3 Bg7
7. f3 Nc6 8. Qd2 O-O 9. O-O-O Nxd4 10. Bxd4 Be6 11. Kb1 Qc7
12. g4 Rfc8 13. h4 Qa5 14. a3 Rab8 15. h5 b5 16. h6 b4 17. Nb5
Bf8 18. Qxb4 Qd8 19. Bxa7 Rb7 20. Be3 Nd7 21. Be2 Ne5 22. b3
Bd7 23. a4 Bxb5 24. axb5 Ra8 25. Kb2 e6 26. Qd2 Be7 27. f4 Nd7
28. g5 Qc7 29. Ra1 Rc8 30. Ra6 Qb8 31. Rha1 Nc5 32. Bxc5 dxc5
33. e5 Rd8 34. Qc3 Qc7 35. Rc6 Qb8 36. Bc4 Rbd7 37. Rca6 Rd4
38. Qf3 Qc8 39. Ra8 Qd7 40. R1a7 Qe8 41. Qb7 Bf8 42. Rxd8 Rxd8
43. b6 Rd4 44. Bb5 1-0

[Event "FIDE Online Olympiad"]
[Site "Chess.com"]
[Date "2020.08.14"]
[EventDate "2020.08.14"]
[Round "1"]
[Result "1-0"]
[White "Kristina Bacic"]
[Black "Melissa Castrillon Gomez"]
[WhiteElo "1812"]
[BlackElo "2150"]
[Source "Chess-Results"]
[PlyCount "89"]

1. d4 d5 2. Nf3 Nf6 3. c3 c5 4. Bg5 Qb6 5. Qb3 c4 6. Qxb6 axb6
7. Bxf6 exf6 8. Nbd2 b5 9. e4 dxe4 10. Nxe4 Be6 11. g3 Bd5
12. Ned2 Nc6 13. Bg2 b4 14. O-O bxc3 15. Rfe1+ Kd7 16. bxc3
Ba3 17. Rab1 Kc7 18. Rb5 Ra5 19. Reb1 Rxb5 20. Rxb5 Ne7
21. Ne1 Re8 22. Nc2 Bc1 23. Nxc4 Bc6 24. Rb1 Bh6 25. N2e3 Bxg2
26. Kxg2 Ra8 27. d5 Nc8 28. Rb2 b5 29. Rxb5 Rxa2 30. Rb2 Rxb2
31. Nxb2 Nd6 32. Kf3 g6 33. c4 Kb6 34. Ke2 Kc5 35. Kd3 f5
36. Nc2 Ne4 37. Na4+ Kd6 38. f3 Nf6 39. Kd4 Bg7 40. c5+ Kc7
41. Kc4 h5 42. d6+ Kd7 43. Nd4 Ne8 44. Nb6+ Kd8 45. Nc6# 1-0

[Event "FIDE Online Olympiad"]
[Site "Chess.com"]
[Date "2020.08.14"]
[EventDate "2020.08.14"]
[Round "1"]
[Result "1-0"]
[White "Jose Gabriel Cardoso Cardoso"]
[Black "Dario Alivodic"]
[WhiteElo "2321"]
[BlackElo "2109"]
[Source "Chess-Results"]
[PlyCount "79"]

1. Nf3 d5 2. d4 e6 3. c4 c6 4. Qc2 f5 5. Bf4 Nf6 6. e3 Be7
7. Be2 O-O 8. O-O Ne4 9. h3 Nd7 10. Nbd2 Bf6 11. Ne5 g5
12. Bh2 Nxe5 13. dxe5 Nxd2 14. Qxd2 Bg7 15. Rac1 Bd7 16. Qb4
Qb6 17. Qe7 Rad8 18. cxd5 cxd5 19. Qxg5 Qxb2 20. Bh5 Kh8
21. Rb1 Qxa2 22. Rxb7 Qa6 23. Rfb1 Qd3 24. Bf4 a5 25. Qe7 a4
26. Rd1 Qc3 27. Rxd7 Rxd7 28. Qxd7 a3 29. Qxe6 a2 30. Qa6 Qb2
31. Bh6 Bxh6 32. Qxh6 Kg8 33. Qe6+ Kh8 34. Bf7 Rxf7 35. Qxf7
h6 36. Qf8+ Kh7 37. Qxf5+ Kh8 38. Qc8+ Kh7 39. Qc1 Qxe5
40. Qa1 1-0

[Event "FIDE Online Olympiad"]
[Site "Chess.com"]
[Date "2020.08.14"]
[EventDate "2020.08.14"]
[Round "2"]
[Result "1-0"]
[White "Martha Lorena Fierro Baquero"]
[Black "Aleksandra Milovic"]
[WhiteElo "2304"]
[BlackElo "2029"]
[Source "Chess-Results"]
[PlyCount "71"]

1. e4 d5 2. exd5 Nf6 3. d4 Bg4 4. Be2 Bxe2 5. Qxe2 Qxd5 6. Nf3
Nc6 7. Nc3 Qh5 8. Be3 O-O-O 9. O-O-O e6 10. Kb1 Bb4 11. Qc4
Bxc3 12. Qxc3 Rd5 13. h3 Rhd8 14. g4 Qg6 15. Nh4 Ne4 16. Qxc6
bxc6 17. Nxg6 hxg6 18. c4 R5d7 19. Kc2 Kb7 20. Rd3 c5 21. Rb3+
Kc6 22. dxc5 Nxc5 23. Rb5 Nb7 24. h4 a6 25. Re5 Rd6 26. b4 f6
27. Re4 e5 28. g5 Re6 29. gxf6 gxf6 30. Rg4 f5 31. Rg2 f4
32. Bc1 Rd4 33. Rhg1 Rxc4+ 34. Kb3 Kb5 35. a4+ Kc6 36. Kxc4
1-0

[Event "FIDE Online Olympiad"]
[Site "Chess.com"]
[Date "2020.08.14"]
[EventDate "2020.08.14"]
[Round "2"]
[Result "1-0"]
[White "Bojana Bejatovic"]
[Black "Kertu Karba"]
[WhiteElo "2045"]
[BlackElo "1086"]
[Source "Chess-Results"]
[PlyCount "129"]

1. e4 e5 2. Bc4 Nf6 3. d3 h6 4. Nf3 d6 5. h3 Nc6 6. a4 b6
7. O-O Bb7 8. c3 Be7 9. Re1 O-O 10. Nbd2 Nd7 11. Nf1 Na5
12. Ba2 Bc6 13. b4 Rb8 14. bxa5 bxa5 15. Rb1 Nc5 16. Be3 Nxa4
17. Qc2 Rxb1 18. Rxb1 Nb6 19. Ng3 Kh8 20. d4 exd4 21. cxd4 Ba4
22. Qc3 d5 23. exd5 Nxd5 24. Qxa5 Bc2 25. Rc1 Nxe3 26. fxe3
Bg6 27. Qxa7 Bd6 28. Nf1 Qa8 29. Qxa8 Rxa8 30. Bd5 Rd8 31. Bc6
Bd3 32. Kf2 Bg6 33. e4 Ba3 34. Rd1 Bc5 35. Ne3 Bb6 36. Nc4 Ba7
37. Ke3 Rd6 38. Nxd6 cxd6 39. Nh4 Bh7 40. Ra1 Bb6 41. Ra8+ Bg8
42. Nf5 Bc7 43. Ne7 Kh7 44. Nxg8 f6 45. e5 dxe5 46. Be4+ f5
47. Bxf5+ g6 48. Be4 exd4+ 49. Kxd4 Bb6+ 50. Kd5 h5 51. Ne7
Bg1 52. Nxg6 Kh6 53. h4 Bf2 54. Rh8+ Kg7 55. Rxh5 Be3 56. Ke6
Bh6 57. Ne5 Bf4 58. Rh7+ Kf8 59. Ng6+ Kg8 60. Rh8+ Kg7 61. Ra8
Kh7 62. Nxf4+ Kg7 63. Ra7+ Kh8 64. Kf6 Kg8 65. Ra8# 1-0

[Event "FIDE Online Olympiad"]
[Site "Chess.com"]
[Date "2020.08.14"]
[EventDate "2020.08.14"]
[Round "2"]
[Result "1-0"]
[White "Joshua Daniel Ruiz Castillo"]
[Black "Alan Tate"]
[WhiteElo "2452"]
[BlackElo "2268"]
[Source "Chess-Results"]
[PlyCount "71"]

1. e4 g6 2. d4 Bg7 3. Nc3 d6 4. Be3 a6 5. Qd2 b5 6. h4 Nf6
7. f3 Nc6 8. g4 h5 9. g5 Nd7 10. Nge2 b4 11. Na4 Nb6 12. Nxb6
cxb6 13. O-O-O O-O 14. d5 Ne5 15. Nd4 b5 16. Qxb4 Bd7 17. f4
Ng4 18. Bg1 a5 19. Qd2 Qc7 20. Nxb5 Bxb5 21. Bxb5 a4 22. c4
Rfb8 23. Kb1 e6 24. Rh3 exd5 25. Qxd5 Qa5 26. Qd2 Qc7 27. Qxd6
Qb7 28. Qd5 Qc7 29. e5 Rd8 30. Qf3 Nxe5 31. fxe5 Qxe5 32. Rh2
a3 33. Rhd2 Rdb8 34. Bd4 Qc7 35. Bxg7 Kxg7 36. Rd7 1-0

[Event "FIDE Online Olympiad"]
[Site "Chess.com"]
[Date "2020.08.14"]
[EventDate "2020.08.14"]
[Round "2"]
[Result "1-0"]
[White "Melissa Castrillon Gomez"]
[Black "Suzie G Cooke"]
[WhiteElo "2150"]
[BlackElo "1915"]
[Source "Chess-Results"]
[PlyCount "65"]

1. d4 d5 2. c4 e6 3. Nf3 c5 4. cxd5 exd5 5. g3 Nc6 6. Bg2 Nf6
7. O-O Be7 8. dxc5 Bxc5 9. Bg5 d4 10. Nbd2 h6 11. Bxf6 Qxf6
12. Ne4 Qe7 13. Nxc5 Qxc5 14. Qa4 O-O 15. Rfd1 b5 16. Qb3 Be6
17. Qd3 Rad8 18. Rac1 Bc4 19. Qb1 Qd6 20. b3 Bxe2 21. Rxc6
Qxc6 22. Nxd4 Qd6 23. Rd2 Bh5 24. Qb2 Rfe8 25. h3 Re1+ 26. Kh2
Qb4 27. Nf5 f6 28. Rxd8+ Kh7 29. Rd7 Kh8 30. Nxg7 Be8 31. Nxe8
Qf8 32. Nxf6 Re6 33. Rh7# 1-0

[Event "FIDE Online Olympiad"]
[Site "Chess.com"]
[Date "2020.08.14"]
[EventDate "2020.08.14"]
[Round "2"]
[Result "1-0"]
[White "Elizabeth Toro Castaneda"]
[Black "Monica Espinosa Cancino"]
[WhiteElo "1897"]
[BlackElo "1563"]
[Source "Chess-Results"]
[PlyCount "117"]

1. e4 c5 2. Nf3 d6 3. d4 cxd4 4. Qxd4 Nc6 5. Bb5 Bd7 6. Bxc6
Bxc6 7. Nc3 e6 8. Qd3 h6 9. O-O Ne7 10. Bf4 Ng6 11. Bg3 Be7
12. Rfd1 e5 13. Nd2 Qc7 14. Nc4 Rd8 15. Ne3 O-O 16. Ncd5 Qd7
17. Nf5 Bxd5 18. Qxd5 Qc6 19. c4 Rc8 20. b3 Rfd8 21. Rd2 Rc7
22. Rad1 Rcd7 23. Qxc6 bxc6 24. Nxe7+ Nxe7 25. Bxe5 Nc8 26. f3
f6 27. Bg3 Kf7 28. c5 d5 29. exd5 Rxd5 30. Rxd5 cxd5 31. Rd4
Ne7 32. Bd6 Nf5 33. Rxd5 Ke6 34. Rd2 Nxd6 35. Rxd6+ Rxd6
36. cxd6 Kxd6 37. Kf2 Kd5 38. Ke3 Ke5 39. b4 Kd5 40. Kd3 f5
41. f4 g5 42. g3 gxf4 43. gxf4 h5 44. h4 Kc6 45. Kc4 a6 46. a4
Kd6 47. b5 axb5+ 48. axb5 Kc7 49. Kd5 Kb6 50. Ke5 Kxb5
51. Kxf5 Kc6 52. Kg6 Kd7 53. f5 Ke8 54. Kg7 Ke7 55. f6+ Ke8
56. f7+ Ke7 57. f8=Q+ Ke6 58. Qh8 Ke5 59. Qxh5+ 1-0

[Event "FIDE Online Olympiad"]
[Site "Chess.com"]
[Date "2020.08.14"]
[EventDate "2020.08.14"]
[Round "2"]
[Result "1-0"]
[White "Michael Adams"]
[Black "Pablo Ismael Acosta"]
[WhiteElo "2689"]
[BlackElo "2377"]
[Source "Chess-Results"]
[PlyCount "163"]

1. e4 c5 2. Nf3 e6 3. d4 cxd4 4. Nxd4 a6 5. Bd3 Nf6 6. O-O Qc7
7. Qe2 d6 8. c4 Be7 9. Nc3 Nc6 10. Be3 O-O 11. Rac1 Ne5 12. h3
Re8 13. b3 Nxd3 14. Qxd3 Bd7 15. Rfd1 h6 16. a4 Rac8 17. f3
Qa5 18. Qd2 Qc7 19. Nde2 Bf8 20. Bd4 Be7 21. Be3 Bf8 22. Nf4
Bc6 23. Ncd5 exd5 24. cxd5 Qe7 25. dxc6 bxc6 26. Bd4 Nd7
27. Rc2 Ne5 28. Qc3 Qg5 29. Ne2 Ng6 30. Be3 Qe5 31. Qxe5 Nxe5
32. Bf4 Rb8 33. Bxe5 dxe5 34. Rd3 Rb6 35. Rdc3 a5 36. Nc1 Re6
37. Nd3 f6 38. Kf2 Kf7 39. Ke3 Rd6 40. Nb2 Rd7 41. Nc4 Ra6
42. Rd3 Bc5+ 43. Ke2 Rxd3 44. Kxd3 Bb4 45. g4 g6 46. h4 h5
47. gxh5 gxh5 48. Ne3 Kf8 49. Nf5 Kf7 50. Rg2 Bf8 51. Rd2 Ra8
52. Kc4 Ke6 53. Rd1 Rb8 54. Ng3 Rb4+ 55. Kc3 c5 56. Rd8 Be7
57. Rc8 Kd7 58. Ra8 c4 59. Ra7+ Ke6 60. Nf5 Bf8 61. Rxa5 cxb3
62. Kb2 Rb7 63. Ra6+ Kf7 64. a5 Bc5 65. Nd6+ Bxd6 66. Rxd6 Rb5
67. a6 Ke7 68. Rc6 Rb4 69. Rc8 Ra4 70. Ra8 Kd7 71. Kxb3 Ra1
72. a7 Kc7 73. Rh8 Rxa7 74. Rh7+ Kb6 75. Rxa7 Kxa7 76. Kc4 Kb6
77. Kd5 Kb5 78. Ke6 Kc4 79. Kxf6 Kd4 80. Kf5 Ke3 81. Kxe5 Kxf3
82. Kf5 1-0

[Event "FIDE Online Olympiad"]
[Site "Chess.com"]
[Date "2020.08.14"]
[EventDate "2020.08.14"]
[Round "2"]
[Result "1-0"]
[White "Jovanka Houska"]
[Black "Maria Jose Campos"]
[WhiteElo "2317"]
[BlackElo "2093"]
[Source "Chess-Results"]
[PlyCount "49"]

1. d4 Nf6 2. Nf3 e6 3. Bf4 c5 4. e3 b6 5. Nc3 cxd4 6. Nb5 d6
7. Qxd4 e5 8. Nxe5 a6 9. Qc4 Be6 10. Nc7+ Ke7 11. Nxe6 fxe6
12. O-O-O d5 13. Qa4 Rg8 14. Bb5 Ne4 15. Qxe4 g5 16. Qxh7+ Rg7
17. Bxg5+ Kd6 18. Qxg7 Bxg7 19. Nf7+ Kc5 20. Bxd8 axb5 21. a3
Nc6 22. b4+ Nxb4 23. axb4+ Kxb4 24. Kd2 Bc3+ 25. Kd3 1-0

[Event "FIDE Online Olympiad"]
[Site "Chess.com"]
[Date "2020.08.14"]
[EventDate "2020.08.14"]
[Round "2"]
[Result "1-0"]
[White "Candela Be Francisco Guecamburu"]
[Black "Katarzyna Toma"]
[WhiteElo "1904"]
[BlackElo "2202"]
[Source "Chess-Results"]
[PlyCount "103"]

1. e4 c5 2. Nf3 Nc6 3. Bb5 g6 4. Bxc6 dxc6 5. d3 Bg7 6. O-O e5
7. h3 Qe7 8. a3 Nf6 9. Nbd2 Nd7 10. b4 Nf8 11. Nc4 b5 12. Na5
Bd7 13. c3 Ne6 14. Be3 f5 15. Nb7 c4 16. dxc4 O-O 17. Qd6 Qxd6
18. Nxd6 bxc4 19. Nxc4 fxe4 20. Nfxe5 Be8 21. g3 h5 22. h4 Rf5
23. Bd4 g5 24. f3 Nxd4 25. cxd4 exf3 26. Rxf3 Rxf3 27. Nxf3 g4
28. Nfe5 Rd8 29. Rd1 Rd5 30. Kf1 Kf8 31. Ke1 Ke7 32. Ne3 Rd8
33. Nf5+ Kf6 34. Nxg7 Kxg7 35. Ke2 Kf6 36. Ke3 Ke6 37. Rc1 Kd6
38. Rc5 Rb8 39. Kf4 Rb7 40. Kf5 Rb5 41. Rxb5 cxb5 42. Ke4 a6
43. d5 Ke7 44. Ke3 Kd6 45. Kd4 Ke7 46. Kc5 Kf6 47. Kd6 Kf5
48. Nd7 Bf7 49. Nc5 Bg8 50. Kc6 Ke5 51. d6 Bd5+ 52. Kc7 1-0

[Event "FIDE Online Olympiad"]
[Site "Chess.com"]
[Date "2020.08.14"]
[EventDate "2020.08.14"]
[Round "2"]
[Result "1-0"]
[White "Anapaola S Borda Rodas"]
[Black "Akshaya Kalaiyalahan"]
[WhiteElo "1994"]
[BlackElo "1869"]
[Source "Chess-Results"]
[PlyCount "77"]

1. e4 c5 2. Nf3 Nc6 3. d4 cxd4 4. Nxd4 g6 5. Nc3 Bg7 6. Nb3
Nf6 7. Be2 O-O 8. O-O d6 9. Re1 b6 10. Bg5 Bb7 11. Qd2 Rc8
12. Bf1 Re8 13. Nd5 Nxd5 14. exd5 Ne5 15. Bb5 Nd7 16. c3 a6
17. Bf1 Nf6 18. c4 Qd7 19. Nd4 Ng4 20. h3 Nf6 21. Rac1 Qc7
22. Bh6 Bh8 23. Nf3 Qd7 24. Nd4 Qc7 25. Nf3 Qd7 26. Be3 b5
27. cxb5 axb5 28. Nd4 Bxd5 29. Bxb5 Qb7 30. Bxe8 Rxe8 31. f3
Nd7 32. b4 Ra8 33. Rc2 Nb6 34. Rec1 e5 35. Nb3 e4 36. Na5 Qb8
37. Qf2 exf3 38. Bxb6 fxg2 39. Rc8+ 1-0

[Event "FIDE Online Olympiad"]
[Site "Chess.com"]
[Date "2020.08.14"]
[EventDate "2020.08.14"]
[Round "2"]
[Result "1-0"]
[White "Barnabas Persanyi"]
[Black "Alejandro Lima Martinez"]
[WhiteElo "2019"]
[BlackElo "2030"]
[Source "Chess-Results"]
[PlyCount "167"]

1. Nf3 c5 2. c4 Nc6 3. g3 e5 4. Nc3 d6 5. Bg2 Nge7 6. b3 g6
7. Bb2 Bg7 8. d3 O-O 9. O-O h6 10. Nd2 f5 11. a3 Be6 12. Nd5
Qd7 13. b4 Rae8 14. e3 b6 15. Qa4 Nb8 16. Qxd7 Bxd7 17. Nxe7+
Rxe7 18. Bd5+ Be6 19. Bxe6+ Rxe6 20. e4 f4 21. f3 fxg3
22. hxg3 Nc6 23. b5 Na5 24. Bc3 Bf6 25. Bxa5 bxa5 26. a4 Bd8
27. Kg2 Ref6 28. Nb1 h5 29. Nc3 h4 30. gxh4 Rf4 31. Nd5 Rxh4
32. Rh1 Rxh1 33. Rxh1 Kg7 34. Kg3 Bg5 35. Kg4 Bd8 36. Rh3 Rf7
37. f4 exf4 38. Nxf4 Re7 39. Rg3 Re5 40. Kh3 Bg5 41. Nd5 Bd8
42. Kg2 Rg5 43. Rxg5 Bxg5 44. Kf3 Kf7 45. Nc7 Bd8 46. Na6 Ke6
47. Nb8 Bb6 48. Nc6 Kf6 49. Kg4 Ke6 50. Kg5 Kf7 51. e5 dxe5
52. Nxe5+ Ke6 53. Nxg6 Bd8+ 54. Kg4 Bc7 55. Kf3 Bd6 56. Ke4
Bc7 57. Nh4 Bd8 58. Nf5 Bf6 59. Ne3 Bd8 60. Nd5 Kd6 61. Nc3
Ke6 62. Ne2 Bc7 63. Nc1 Bd8 64. Nb3 Bb6 65. d4 cxd4 66. c5 Bd8
67. Nxd4+ Kd7 68. Kd5 Kc8 69. Nc6 a6 70. Nxd8 axb5 71. axb5
Kxd8 72. Kc4 Kc7 73. Kb3 Kb7 74. Ka4 Ka7 75. Kxa5 Kb7 76. c6+
Ka7 77. b6+ Kb8 78. Ka6 Ka8 79. Kb5 Kb8 80. Kc5 Ka8 81. Kd6
Kb8 82. Kd7 Ka8 83. c7 Kb7 84. c8=Q+ 1-0

[Event "FIDE Online Olympiad"]
[Site "Chess.com"]
[Date "2020.08.14"]
[EventDate "2020.08.14"]
[Round "2"]
[Result "1-0"]
[White "Daniela Cordero"]
[Black "Tania Regla Hernandez Alvarez"]
[WhiteElo "1981"]
[BlackElo "2041"]
[Source "Chess-Results"]
[PlyCount "69"]

1. b3 Nf6 2. Bb2 d6 3. g3 g6 4. Bg2 Bg7 5. Nf3 O-O 6. O-O c5
7. c4 Nc6 8. Nc3 h6 9. d4 cxd4 10. Nxd4 Bd7 11. Nd5 Nxd5
12. cxd5 Nxd4 13. Bxd4 Qa5 14. Bxg7 Kxg7 15. Qd4+ Kg8 16. Qe3
Bb5 17. Qxh6 Bxe2 18. Rfe1 Qc3 19. Rac1 Qb2 20. Qe3 Ba6
21. Rc7 Qxa2 22. Rxe7 Rac8 23. h4 Qb2 24. h5 gxh5 25. Qg5+ Qg7
26. Qxh5 Qh7 27. Qg4+ Qg7 28. Qf4 Rc3 29. Qxd6 Rxb3 30. Qf4
Bb5 31. R7e5 Bd3 32. d6 Bg6 33. Rd5 Rd8 34. d7 Qf8 35. Qf6 1-0